Catalogue of the collection of Arabic coins preserved in the Khedivial Library at Cairo /

محفوظ في:

مؤلف مشترك: Dār al-Kutub al-Miṣrīyah.

مؤلفون آخرون: Lane-Poole, Stanley, 1854-1931.

التنسيق: كتاب

اللغة: English

منشور في: London : B. Quaritch, 1897.

الموضوعات:

الوسوم: إضافة وسم

لا توجد وسوم, كن أول من يضع وسما على هذه التسجيلة!

رقم الطلب: CJ4122 .C3 1897

LEADER 00717nam a2200229I 4500
001 9335
003 OSt
005 20251112110959.0
008 130303s1897 enk c 000 0 eng d
010 |a 11000159 
040 |c ARCE Library 
050 4 |a CJ4122 .C3 1897 
110 2 |6 880-01  |a Dār al-Kutub al-Miṣrīyah. 
245 1 0 |a Catalogue of the collection of Arabic coins preserved in the Khedivial Library at Cairo /  |c by Stanley Lane-Poole. 
264 1 |a London :  |b B. Quaritch,  |c 1897. 
300 |a xv, 384 pages ;  |c 23 cm. 
650 0 |a Coins, Arabic. 
700 1 |a Lane-Poole, Stanley,  |d 1854-1931. 
880 2 |6 110-01/(3/r  |a دار الكتب المصرية 
901 |a reviewed 
942 |c BK  |2 lcc 
999 |c 11892  |d 11892